000 00796nam a2200289 a 4500
001 000000369
003 DO-SdBNP
005 20170119132016.0
007 000000369
008 081112s2008 dr a 000 f spa d
020 _a9993485055
040 _aBPMET
_bspa
_cBPMET
082 0 4 _aCo863.2
_bI73m, 2007
100 1 _aIsaac, Jorge,
_d1837-1895
245 1 0 _aMaría /
_cJorge Isaac.
250 _a2a ed. dominicana
260 _aSanto Domingo :
_bTobogán,
_c2008.
300 _a216 p. :
_bil. ;
_c20 cm.
490 _aDidáctica
650 4 _aNOVELA COLOMBIANA
650 4 _aLITERATURA COLOMBIANA
830 _pDidáctica
910 _aValidado. Control de calidad MFF
930 1 _lBND01
_mLF1
_820090723
_f01
_pCT
942 _2ddc
_cBK
956 _aVMATEO
_b10
_c20160218
_lBPMSU
_h00151
999 _c7476
_d7476